000 00309nam a2200109Ia 4500
008 171211s9999 xx 000 0 und d
245 _aThis Earth of Mankind (Buru Quartet)
245 _cPramoedya Ananta Toer
260 _c1996
650 _xCULTURE
856 _uhttp://down.ebook777.com/063/9780140256352.pdf
999 _c347780
_d347780